000
00320 a2200157 4500
001
44421
020
_a
858803803x
040
_c
Anchieta - Aquarius
100
_a
Couto, Aline Pupato
240
1
0
_a
*A casa
_l
por
245
1
0
_a
*A casa
300
_a
13
362
0
_a
2001
650
4
_a
Literatura infantil
942
_c
BK
999
_c
44421
_d
44421